El hombre ante el espacio /

Guardado en:
Autor Principal: Tabanera, Teofilo
Formato: Libro
Publicado: Buenos Aires : Atlantida, 1964
Materias:
Etiquetas: Agregar Etiqueta
Sin Etiquetas, Sea el primero en etiquetar este registro!
LEADER 00484nam a22001815a 4500
001 CEM.cems006167
005 20060214000000.0
008 130507s1964##################000#0#####d
003 CEMS
082 0 4 |a 520 
100 1 |a Tabanera, Teofilo 
245 1 0 |a El hombre ante el espacio / 
260 |a Buenos Aires :  |b Atlantida,  |c 1964 
300 |a 152 p. 
653 |a Astronautica 
653 |a Astronomia 
653 |a Medicina espacial 
859 |a CEMS  |b BIB. CEMS - 11 de abril  |h 520  |i T111  |p 7551.80  |t Ej.1